| 000 | 00000nam 2200000zi 4500 |
| 001 | 9.901849 |
| 003 | CaOODSP |
| 005 | 20241003143551 |
| 006 | m o d f |
| 007 | cr cn||||||||| |
| 008 | 210720t20212021quca o f000 0 fre d |
| 020 | |a9780660397184 |
| 040 | |aCaOODSP|bfre|erda|cCaOODSP |
| 043 | |an-cn--- |
| 086 | 1 |aEm4-18/2021F-PDF |
| 245 | 00|aBon d'études canadien : |bobtenez jusqu'à 2 000 $ pour l'éducation d'un enfant après le secondaire. |
| 246 | 3 |aBon d'études canadien : |bobtenez jusqu'à 2 000 $ pour l'avenir de votre enfant |
| 264 | 1|a[Gatineau, Québec] : |bEmploi et développement social Canada = Employment and Social Development Canada, |c[2021] |
| 264 | 4|c©2021 |
| 300 | |a1 ressource en ligne (2 pages non numérotées) : |billustrations en couleur |
| 336 | |atexte|btxt|2rdacontent/fre |
| 337 | |ainformatique|bc|2rdamedia/fre |
| 338 | |aressource en ligne|bcr|2rdacarrier/fre |
| 500 | |aPublié aussi en anglais sous le titre : Canada Learning Bond : get up to $2,000 to help pay for a child's education after high school. |
| 500 | |a« EDSC nº de cat. : LC-180-11-21F. » |
| 500 | |aPublié aussi en format HTML. |
| 650 | 6|aÉpargne-études|zCanada. |
| 650 | 6|aAide de l'État à l'enseignement supérieur|zCanada. |
| 650 | 6|aEnseignement supérieur|zCanada|xFinances. |
| 710 | 1 |aCanada. |bEmploi et développement social Canada, |eorganisme de publication. |
| 775 | 08|tCanada Learning Bond : |w(CaOODSP)9.901848 |
| 795 | |tBon d'études canadien |w(CaOODSP)9.838789 |
| 856 | 40|qPDF|s1.25 Mo|uhttps://publications.gc.ca/collections/collection_2021/edsc-esdc/Em4-18-2021-fra.pdf |
| 856 | 4 |qHTML|sS.O.|uhttps://www.canada.ca/fr/emploi-developpement-social/services/aide-financiere-etudiants/epargne-etudes/rapports/bon-etudes-moins-18-brochure.html |